000 00469nam a2200193Ia 4500
005 20240808104252.0
008 131103s9999 xx 000 0 und d
020 _a33390 004 9
040 _aLoreto College
041 _aEnglish
082 _a821
_bTAG
100 _aTagore, Rabindranath
245 4 _aThe Post office
_cRabindranath Tagore;
260 _aLondon
_bMacmillan
_c1968
300 _a76P
650 _aEnglish poetry
850 _aLCBED
942 _cBK
999 _c29483
_d79962